00331pab a2200121 454500008004000000100003100040245007200071260000900143300001300152362000800165650001800173773001800191180718b2011 xxu||||| |||| 00| 0 eng d aMukhopadhyay, Apurba Kumar aCoffee house in a paddy field: In search of a utopian civil society c2011 ap.42-52. aJul aCivil society aAsian Studies